=LDR 00000nam 2200000 4500 =001 INLIS000000000044917 =005 20201130090801 =035 ##$$a 0010-101300000002839 =008 201130################g##########0#ind## =041 ##$$a Ind =082 ##$$a 328.365 2 =090 ##$$a 328, Ind h =245 1#$$a Hasil-hasil pelaksanaan tugas konstitusional Dewan Perwakilan Daerah Republik Indonesia =260 ##$$a Jakarta :$b Sekjen DPD RI,$c 2008 =300 ##$$a iii, 695 hlm. : $b ilus =650 #4$$a Dewan Perwakilan Daerah - DPD =850 ##$$a NBPNMAT =084 ##$$a 328.365 2 IND h =100 #$$a Indonesia =990 ##$$a 31200436